| 000 | 01607nam0a2200337 4500 | ||
|---|---|---|---|
| 001 | RU\NLR\bibl\1868135 | ||
| 005 | 20250616185239.0 | ||
| 010 |
_a978-5-7042-2274-3 _9500 |
||
| 021 |
_aRU _b2012-2968 _9216 |
||
| 035 | _a(NLR Aleph) 001857995 | ||
| 090 |
_a2492347 _c2492347 |
||
| 100 | _a20120210d2012 |||y0rusy50 ca | ||
| 101 | 0 |
_arus _aeng |
|
| 102 | _aRU | ||
| 105 | _ay ||||||||| | ||
| 200 | 1 |
_aВведение в английское дошкольное образование _dAn introduction to early years education in England _eучебное пособие _fЛ.В. Баева _gМ-во образования и науки Рос. Федерации, Федер. гос. бюджет. образоват. учреждение высш. проф. образования "Моск. пед. гос. ун-т" _zeng |
|
| 210 |
_aМосква _cПрометей _d2012 |
||
| 215 |
_a101 с. _d20 |
||
| 225 | 1 | _aУчебное пособие | |
| 300 | _aНа послед. с. авт.: Баева Л.В., к.пед.н., доц. | ||
| 320 | _a"Ref. a. further reading": с. 99-101 (35 назв.) | ||
| 510 | 1 |
_aAn introduction to early years education in England _zeng |
|
| 606 | 1 |
_aАнглийский язык _jУчебные издания для высших учебных заведений _9972309 _3RU\NLR\auth\6646032 |
|
| 686 |
_aШ143.21-93рус _bД890(4Вл) |
||
| 700 | 1 |
_aБаева _bЛ. В. _gЛюбовь Владимировна _4070 |
|
| 801 | 0 |
_aRU _bNLR _c20120210 _gRCR |
|
| 801 | 1 |
_aRU _bNLR _c20120210 |
|
| 942 | _cBOOK | ||
| 980 | _aNB | ||
| 980 | _aNBR | ||